[Event "Niederoesterreichische Landesliga"]
[Site "Verschiedene"]
[Date "2019.04.07"]
[Round "11"]
[Board "4"]
[White "Haas, Bernhard"]
[Black "Janetschek, Karl"]
[Result "1/2-1/2"]
[WhiteElo "2004"]
[BlackElo "2178"]
[PlyCount "91"]
[EventDate "2018.09.30"]
[EventType "team"]
[EventRounds "11"]
[EventCountry "AUT"]
[WhiteTeam "ASK Kottingbrunn"]
[BlackTeam "SK Zwettl"]

1. d4 Nf6 2. c4 e6 3. g3 c5 4. d5 exd5 5. cxd5 d6 6. Nc3 a6 7. a4 g6 8. Bg2 Bg7
9. Nf3 O-O 10. O-O Bg4 11. h3 Bxf3 12. Bxf3 Nbd7 13. e4 Ne8 14. Be2 Nc7 15. Ra3
Re8 16. Qc2 b6 17. f4 Rb8 18. Rb3 Rb7 19. Bf3 Bd4+ 20. Kg2 c4 21. Ra3 b5 22.
axb5 axb5 23. Ra1 Nc5 24. e5 Rb6 25. Ne2 dxe5 26. Nxd4 exd4 27. Rd1 Nb3 28. Ra3
Nxd5 29. Rxb3 cxb3 30. Qc5 Ne3+ 31. Bxe3 Rxe3 32. Rxd4 Qf6 33. g4 Rb8 34. g5
Qb6 35. Rd8+ Qxd8 36. Qxe3 Qd6 37. Kg3 h5 38. Qxb3 h4+ 39. Kg4 b4 40. Bd5 Qc7
41. Qd3 Rb6 42. Qe4 Rd6 43. Qe8+ Kg7 44. Qe5+ Kf8 45. Qh8+ Ke7 46. Qe5+  1/2-1/2

[Event "Niederoesterreichische Landesliga"]
[Site "Verschiedene"]
[Date "2019.04.07"]
[Round "11"]
[Board "1"]
[White "Gasa, Andrej"]
[Black "Hellmayr, Alois"]
[Result "1/2-1/2"]
[WhiteElo "2282"]
[BlackElo "2273"]
[PlyCount "97"]
[EventDate "2018.09.30"]
[EventType "team"]
[EventRounds "11"]
[EventCountry "AUT"]
[WhiteTeam "SGM Mistelbach/Altlichtenwarth"]
[BlackTeam "KSV Boehlerwerk"]

1. d4 Nf6 2. c4 e6 3. Nc3 Bb4 4. Nf3 b6 5. g3 Bb7 6. Bg2 O-O 7. Bd2 c5 8. O-O
cxd4 9. Nb5 Be7 10. Nbxd4 Nc6 11. Bc3 Ne4 12. Nxc6 Bxc6 13. Bd4 Rc8 14. Qd3 d6
15. Rfd1 Qc7 16. Rac1 e5 17. Be3 f5 18. Ne1 Kh8 19. Qb1 Qd7 20. f4 Qe6 21. b3
h6 22. Nd3 g5 23. fxe5 f4 24. Nb4 fxe3 25. Nxc6 Nd2 26. Qd3 Rxc6 27. Qxe3 dxe5
28. Qxd2 Bc5+ 29. Kh1 Rc7 30. Rf1 Rcf7 31. Rxf7 Rxf7 32. Qd5 Qe7 33. Rf1 Rxf1+
34. Bxf1 Qf6 35. Qf3 Kg7 36. Kg2 e4 37. Qxf6+ Kxf6 38. g4 Ke5 39. Kg3 Kd4 40.
Kf2 Kc3+ 41. Ke1 Kc2 42. Bg2 e3 43. Be4+ Kc1 44. a4 Bb4+ 45. Kf1 Bc5 46. Bc6
Kb2 47. Kg2 Kxb3 48. Bb5 Kc3 49. h3  1/2-1/2

[Event "Niederoesterreichische Landesliga"]
[Site "Verschiedene"]
[Date "2019.04.07"]
[Round "11"]
[Board "2"]
[White "Heimberger, Reinhard"]
[Black "Hofmann, Thomas"]
[Result "1/2-1/2"]
[WhiteElo "2260"]
[BlackElo "2257"]
[PlyCount "54"]
[EventDate "2018.09.30"]
[EventType "team"]
[EventRounds "11"]
[EventCountry "AUT"]
[WhiteTeam "KSV Boehlerwerk"]
[BlackTeam "SGM Mistelbach/Altlichtenwarth"]

1. d4 Nf6 2. g3 c5 3. dxc5 Na6 4. Bg2 Nxc5 5. c4 g6 6. Nc3 Bg7 7. Nf3 O-O 8.
O-O d6 9. Nd4 Rb8 10. b3 a6 11. Bb2 Bd7 12. Qd2 b5 13. cxb5 axb5 14. b4 Na6 15.
Nc6 Bxc6 16. Bxc6 Nxb4 17. Bxb5 Ne8 18. a4 Nc7 19. Ba3 Bxc3 20. Qxc3 Nxb5 21.
axb5 Nd5 22. Qc6 Nb6 23. Bb4 Rc8 24. Qb7 Rb8 25. Qc6 Rc8 26. Qb7 Rb8 27. Qc6
Rc8  1/2-1/2

[Event "Niederoesterreichische Landesliga"]
[Site "Verschiedene"]
[Date "2019.04.07"]
[Round "11"]
[Board "3"]
[White "Vrana, Frantisek"]
[Black "Neumann, Christian"]
[Result "1/2-1/2"]
[WhiteElo "2252"]
[BlackElo "1966"]
[PlyCount "92"]
[EventDate "2018.09.30"]
[EventType "team"]
[EventRounds "11"]
[EventCountry "AUT"]
[WhiteTeam "SGM Mistelbach/Altlichtenwarth"]
[BlackTeam "KSV Boehlerwerk"]

1. e4 c5 2. Nf3 d6 3. g3 Nc6 4. Bg2 g6 5. d4 cxd4 6. Nxd4 Bg7 7. Ne2 Nf6 8.
Nbc3 Bd7 9. a4 O-O 10. O-O Re8 11. Nd5 Na5 12. Ra2 Rc8 13. b3 Nc6 14. c4 Nxd5
15. exd5 Nb4 16. Rd2 Bg4 17. f3 Bd7 18. Re1 Na6 19. Bb2 Bxb2 20. Rxb2 Nc5 21.
Qd4 a6 22. a5 Qc7 23. Rd1 Rb8 24. Nc3 Rec8 25. Bf1 Qd8 26. Ra1 Qe8 27. Qd1 b5
28. cxb5 axb5 29. Ne2 Na6 30. Nf4 Rc3 31. Qd4 Qc8 32. Re1 Qc5 33. Qxc5 Rxc5 34.
Rxe7 Be8 35. b4 Rc1 36. Ra7 Nc7 37. h4 Bd7 38. Kf2 Bc8 39. Bd3 Bb7 40. Be4 Na6
41. Bd3 Nc7 42. Bc2 Rh1 43. Kg2 Re1 44. Bb3 Na6 45. Nd3 Re3 46. Bc2 Nc7  1/2-1/2

[Event "Niederoesterreichische Landesliga"]
[Site "Verschiedene"]
[Date "2019.04.07"]
[Round "11"]
[Board "2"]
[White "Ganaus, Hannes"]
[Black "Pammer, Andreas"]
[Result "1-0"]
[WhiteElo "2290"]
[BlackElo "2086"]
[PlyCount "63"]
[EventDate "2018.09.30"]
[EventType "team"]
[EventRounds "11"]
[EventCountry "AUT"]
[WhiteTeam "ASVOE VHS Poechlarn"]
[BlackTeam "SGM Bisamberg/Korneuburg"]

1. Nf3 g6 2. d4 c6 3. c3 Na6 4. Bf4 Nc7 5. h4 h5 6. e3 d6 7. Bd3 Ne6 8. Bh2 Ng7
9. Nbd2 Bf5 10. e4 Bg4 11. Qc2 Nh6 12. O-O-O Qc7 13. Rde1 O-O-O 14. Nc4 f6 15.
Nfd2 e5 16. f3 Be6 17. Kb1 Be7 18. Ne3 Kb8 19. d5 Bc8 20. Bg1 c5 21. a4 Bd7 22.
Bb5 Bc8 23. Rc1 f5 24. Be2 g5 25. Nec4 g4 26. b4 b6 27. bxc5 bxc5 28. Ka1 Bd7
29. Na3 Ka8 30. Nb5 Qc8 31. Rb1 a6 32. Nc4  1-0

[Event "Niederoesterreichische Landesliga"]
[Site "Verschiedene"]
[Date "2019.04.07"]
[Round "11"]
[Board "4"]
[White "Weinzettl, Ernst"]
[Black "Grand, Michael"]
[Result "1-0"]
[WhiteElo "2220"]
[BlackElo "1913"]
[PlyCount "73"]
[EventDate "2018.09.30"]
[EventType "team"]
[EventRounds "11"]
[EventCountry "AUT"]
[WhiteTeam "ASVOE VHS Poechlarn"]
[BlackTeam "SGM Bisamberg/Korneuburg"]

1. e4 d6 2. d4 Nf6 3. Nc3 g6 4. Nge2 Bg7 5. g3 O-O 6. Bg2 Nc6 7. h3 e5 8. Be3
exd4 9. Nxd4 Nxd4 10. Bxd4 Be6 11. O-O Qd7 12. Kh2 Rae8 13. a4 a5 14. Qd2 h5
15. Rad1 Re7 16. Qg5 Nh7 17. Qxa5 Bc4 18. Rfe1 b6 19. Qb4 Bxd4 20. Rxd4 c5 21.
Qxc4 cxd4 22. Qxd4 Qd8 23. Nd5 Rb7 24. Re3 b5 25. axb5 Rxb5 26. b4 Re8 27. c4
Rb8 28. Ra3 Rb7 29. b5 Re6 30. Nb4 Qb6 31. Ra8+ Nf8 32. Rxf8+ Kxf8 33. Qh8+ Ke7
34. Nd5+ Kd7 35. Nxb6+ Rxb6 36. Qd4 Rb8 37. Qa7+  1-0

[Event "Niederoesterreichische Landesliga"]
[Site "Verschiedene"]
[Date "2019.04.07"]
[Round "11"]
[Board "1"]
[White "Hofegger, Jakob"]
[Black "Froewis, Georg"]
[Result "1/2-1/2"]
[WhiteElo "2128"]
[BlackElo "2419"]
[PlyCount "140"]
[EventDate "2018.09.30"]
[EventType "team"]
[EventRounds "11"]
[EventCountry "AUT"]
[WhiteTeam "SK Advisory Invest Baden"]
[BlackTeam "SGM Voest Krems"]

1. Nf3 d5 2. g3 Nf6 3. Bg2 e6 4. O-O Be7 5. d3 O-O 6. Nbd2 c5 7. e4 Nc6 8. Re1
Qc7 9. e5 Nd7 10. Qe2 b5 11. Nf1 Bb7 12. Bf4 Rfc8 13. h4 Qd8 14. N1h2 Qf8 15.
h5 h6 16. c3 b4 17. c4 Nb6 18. b3 a5 19. g4 g5 20. Bg3 a4 21. Qb2 Qg7 22. Rab1
axb3 23. axb3 Ra3 24. Nf1 Rca8 25. Qc2 Qh7 26. Ne3 Ra2 27. Rb2 Rxb2 28. Qxb2
Qxd3 29. cxd5 Nxd5 30. Nxd5 exd5 31. e6 f6 32. Kh2 c4 33. bxc4 dxc4 34. Re3 Qd1
35. Re1 c3 36. Qxc3 bxc3 37. Rxd1 c2 38. Rc1 Nb4 39. Nd4 Bxg2 40. Kxg2 Rc8 41.
Nf5 Bf8 42. e7 Nd3 43. exf8=Q+ Rxf8 44. Nxh6+ Kh7 45. Rxc2 Ne1+ 46. Kf1 Nxc2
47. Nf5 Re8 48. Bd6 Re4 49. f3 Ne3+ 50. Nxe3 Rxe3 51. Kf2 Re6 52. Bg3 Kh6 53.
Bc7 f5 54. Bd8 Re8 55. Bb6 Rb8 56. Bc5 Rb2+ 57. Kg3 f4+ 58. Kh3 Re2 59. Bf8+
Kh7 60. Bc5 Kg7 61. Bd4+ Kf7 62. Bb6 Ke7 63. Bd4 Rd2 64. Bb6 Ke6 65. Bc5 Ra2
66. Bd4 Rc2 67. Bb6 Rd2 68. Bc5 Rc2 69. Bd4 Kf7 70. Bb6 Re2  1/2-1/2

[Event "Niederoesterreichische Landesliga"]
[Site "Verschiedene"]
[Date "2019.04.07"]
[Round "11"]
[Board "3"]
[White "Zojer, Stefan"]
[Black "Kleiser, Gregor"]
[Result "1-0"]
[WhiteElo "2125"]
[BlackElo "2192"]
[PlyCount "63"]
[EventDate "2018.09.30"]
[EventType "team"]
[EventRounds "11"]
[EventCountry "AUT"]
[WhiteTeam "SK Advisory Invest Baden"]
[BlackTeam "SGM Voest Krems"]

1. d4 Nf6 2. Bg5 Ne4 3. Bf4 d5 4. f3 Nf6 5. e4 dxe4 6. Nc3 Nd5 7. Nxd5 Qxd5 8.
Bxc7 Nc6 9. c3 Bf5 10. Be2 e5 11. dxe5 Qc5 12. fxe4 Bxe4 13. Nf3 Rc8 14. Bd6
Qb6 15. Qb3 Qxb3 16. axb3 Bxd6 17. exd6 Kd7 18. O-O f6 19. Rfd1 Bc2 20. Rd2
Bxb3 21. Nd4 Nxd4 22. Rxd4 a6 23. Bg4+ Be6 24. Bxe6+ Kxe6 25. Re1+ Kf5 26. Re7
g5 27. Rxb7 Rb8 28. g4+ Kg6 29. Rxb8 Rxb8 30. d7 Rd8 31. c4 Kf7 32. c5  1-0